Т. 49, вып. 6; Физика элементарных частиц и атомного ядра

Bibliographische Detailangaben
Parent link:Физика элементарных частиц и атомного ядра: научный обзорный журнал/ Объединенный институт ядерных исследований (ОИЯИ). Т. 49, вып. 6.— , 1972-1994.— 0367-2026
Sprache:Russisch
Veröffentlicht: 2018
Online-Zugang:http://www1.jinr.ru/Pepan/Pepan_rus.html#p6
Format: MixedMaterials Elektronisch Buch
KOHA link:https://koha.lib.tpu.ru/cgi-bin/koha/opac-detail.pl?biblionumber=581384

MARC

LEADER 00000nam2a2200000 4500
001 581384
005 20231101130648.0
035 |a (RuTPU)RU\TPU\prd\281445 
035 |a RU\TPU\prd\281178 
090 |a 581384 
100 |a 20181127a19709999k y0rusy50 ca 
101 0 |a rus 
102 |a RU 
181 0 |a i  
182 0 |a b 
200 0 |a Т. 49, вып. 6  |b Электронный ресурс 
203 |a Текст  |c электронный 
210 |d 2018 
461 1 |0 (RuTPU)RU\TPU\prd\410  |x 0367-2026  |t Физика элементарных частиц и атомного ядра  |o научный обзорный журнал  |f Объединенный институт ядерных исследований (ОИЯИ)  |v Т. 49, вып. 6  |d 1972-1994 
801 0 |a RU  |b 63413507  |c 20010227  |g PSBO 
801 1 |a RU  |b 63413507  |c 20020422  |g PSBO 
801 2 |a RU  |b 63413507  |c 20181127  |g RCR 
856 4 0 |u http://www1.jinr.ru/Pepan/Pepan_rus.html#p6 
942 |c BK